000 01030nam a22002897a 4500
003 CHAP
005 20220329135924.0
008 971013s1985 r 00010 d
010 _a44165
011 _a45137
035 _a49276
040 _cCHAP
090 _aTesis
100 0 0 _aTamez Rossell, Ricardo.
_9111560
245 _aEvaluación del potencial fungididad de dos extractos y dos componentes químicos de las hojas de barreta helietta parfivolia gray (Benth) in vitro
260 _aMonterrey, N.L. :
_bEl autor,
_c1985
300 _a41 h.
_b: gráfs.
502 _aTesis (Ing. Agr. Esp. en Producción) -- ITESM. Div. de Ciencias Agropecuarias y Marítimas. Depto. de Agronomía
590 _aALEPH
_b10
_c20130110
_lUCH01
_h1313
590 _aBATCH-UPD
_b10
_c20130110
_lUCH01
_h1554
590 _aCONVERSION
_b10
_c20130109
_lUCH01
_h1324
650 1 4 _aHelietta parvifolia.
_953431
650 1 4 _aPlantas insecticidas.
_989010
901 _aBK
942 _cTESIS
949 _bBC
_cTES
_d-111235
_eTS1
_h17812
_i49276
_si
999 _c44165
_d44165